• 首页
  • 本馆介绍
  • 公告通知
  • 最新文献
  • 馆藏检索
  • 电子资源
  • 读者导购
  • 参考咨询
  • 我的图书馆
  • 登录
  • 详细信息显示
  • 放入我的书架
  • 预约/预借图书
  • 作者相关作品
  • 分类相关作品
  • 丛书相关作品
  • 出版社相关作品

书目信息

  • 表格格式
  • 工作单格式
  • 卡片格式
题名:
全国计算机等级考试考纲·考点·考题透解与模拟
    
 
作者: ;全国计算机等级考试新大纲研究组 编著
分册:   一级MS Office/一级B
出版信息: 北京   清华大学出版社  2009.02
页数: 272页
开本: 26cm
丛书名:
单 册:
中图分类: TP3 , TP317.1
科图分类:
主题词: 电子计算机--考核--自学参考资料 , 软件包--考核--自学参考资料 , 电子计算机 , 软件包
电子资源:
ISBN: 978-7-302-19364-7
000 01196nam0 2200289 450
001 004103839
005 20091221095253.04
010    @a978-7-302-19364-7@dCNY29.80(含光盘)
100    @a20090420d2009 em y0chiy0110 ea
101 0  @achi
102    @aCN@b110000
105    @aak z 000yy
106    @ar
200 1  @a全国计算机等级考试考纲·考点·考题透解与模拟@9quan guo ji suan ji deng ji kao shi kao gang· kao dian· kao ti tou jie yu mo ni@e2009年版@i一级MS Office/一级B@f全国计算机等级考试新大纲研究组编著
210    @a北京@c清华大学出版社@d2009.02
215    @a272页@c图@d26cm@e1光盘
307    @a附光盘:ISBN 978-7-89474-356-5
330    @a本书每章开始设置“考纲透解”模块,包括大纲要求、考频统计、命题方向3部分内容;每节细化为4各部分:考点透解、考题透解、过关练习、过关练习答案;还附有8套模拟预测卷,并作详细解析解答。
606 0  @a电子计算机@x考核@j自学参考资料
606 0  @a软件包@x考核@j自学参考资料
606 0  @a电子计算机
606 0  @a软件包
690    @aTP3@v4
690    @aTP317.1@v4
711 02 @a全国计算机等级考试新大纲研究组@9quan guo ji suan ji deng ji kao shi xin da gang yan jiu zu@4编著
801  0 @aCN@bNLC@c20091221
905    @b20798317-27@dTP3@e538@f11
    
    全国计算机等级考试考纲·考点·考题透解与模拟:2009年版.一级MS Office/一级B/全国计算机等级考试新大纲研究组编著.-北京:清华大学出版社,2009.02
    272页:图;26cm+1光盘
    
    
    ISBN 978-7-302-19364-7:CNY29.80(含光盘)
    本书每章开始设置“考纲透解”模块,包括大纲要求、考频统计、命题方向3部分内容;每节细化为4各部分:考点透解、考题透解、过关练习、过关练习答案;还附有8套模拟预测卷,并作详细解析解答。
●
相关链接 在E读中查询图书 在五车中查询图书 在当当中查询图书 在豆瓣中查询图书


正题名:全国计算机等级考试考纲·考点·考题透解与模拟     索取号:TP3/538         预约/预借

序号 登录号 条形码 馆藏地/架位号 状态 备注
1 798317   207983173   第二样本阅览室/ [索取号:TP3/538] 在馆    
2 798318   207983182   第三借阅区/ [索取号:TP3/538] 在馆    
3 798319   207983191   第三借阅区/ [索取号:TP3/538] 在馆    
4 798320   207983208   第三借阅区/ [索取号:TP3/538] 在馆    
5 798321   207983217   第三借阅区/ [索取号:TP3/538] 在馆    
6 798322   207983226   第三借阅区/ [索取号:TP3/538] 在馆    
7 798323   207983235   第三借阅区/ [索取号:TP3/538] 在馆    
8 798324   207983244   第三借阅区/ [索取号:TP3/538] 在馆    
9 798325   207983253   第三借阅区/ [索取号:TP3/538] 在馆    
10 798326   207983262   第三借阅区/ [索取号:TP3/538] 在馆    
11 798327   207983271   第三借阅区/ [索取号:TP3/538] 在馆    
唐山师范学院图书馆 欢迎您!
大连网信软件有限公司© 版权所有